000 00306nam a22001337a 4500
020 _a978-93-85887-97-0
082 _a001
_bBEC/Q
100 _aBECKER, H
245 _aTHE QUIZ BOOK FOR SPIES
260 _aNEW YORK
_bSCHOLASTIC INC
_c2012
300 _a95
650 _aGENERAL KNOWLEDGE
_zINDIA
942 _cBK
999 _c6550
_d6550